| 000 | 00671nam a2200193Ia 4500 | ||
|---|---|---|---|
| 005 | 20260629163254.0 | ||
| 008 | 260629s9999||||xx |||||||||||||| ||und|| | ||
| 020 |
_a9780231164542 _qhb |
||
| 082 |
_a891.1 _bDES |
||
| 100 | _aDesai, Gaurav | ||
| 245 | 0 | _aCommerce with the universe : Africa, India, and the Afrasian imagination | |
| 260 |
_aNew York _bColumbia University Press _c2013 |
||
| 300 | _axiv, 291p. ; 24 cm | ||
| 653 | _aEast African literature (English)--History and criticism | ||
| 653 | _aEast Indians--Africa, East | ||
| 653 | _aIndic literature--History and criticism | ||
| 653 | _aNational characteristics, East Indian, in literature | ||
| 942 | _cBK | ||
| 999 |
_c57311 _d57311 |
||